Skalní prišli Neohlásená návšteva u Stanislava Štepku

Bibliographic Details
Main Authors: Mockovčiaková, Oľga (Author), Štepka, Stanislav, 1944- (Author)
Format: Article
Language:Slovak
PhysicalDescription:Obr. 1.
Subjects:

MARC

LEADER 00000nab a2200000 a 4500
001 vtls000471166
003 SK-MaSNL
005 20260303190541.0
008 120926c1992 xo 0 slo
015 |a SNBRB19rr/mm-uuuuu 
035 |a CL0471299 
040 |a SNKBUCL  |b slo  |c SNKBUCL  |e AACR2 
041 0 |a slo 
044 |a xo  |c SK 
080 |a 792.071.2  |2 1981 
080 |a 791.44.071.2  |2 1981 
080 |a 82  |2 1981 
080 |a 929  |2 1981 
080 |a 885.4  |2 1981 
080 |a 929 Štepka, Stanislav  |2 1981 
100 1 |a Mockovčiaková, Oľga  |4 aut  |9 270501 
245 1 0 |a Skalní prišli  |b Neohlásená návšteva u Stanislava Štepku  |c Stanislav Štepka, Oľga Mockovčiaková ; Oľga Mockovičiaková 
300 |b Obr. 1. 
600 1 7 |a Štepka, Stanislav,  |d 1944-  |2 snkbucl  |9 88236 
655 7 |a rozhovory  |2 snkbucl  |9 31831 
655 7 |a články z novín a časopisov  |2 snkbucl  |9 267496 
700 1 |a Štepka, Stanislav,  |d 1944-  |4 aut  |9 88236 
773 0 |t Slobodný piatok  |g Roč. 3, č. 39 (1992), s. 8 
850 |a Slovenská národná knižnica v Martine  |a MTA001 
852 |a SNK  |b KIS3GCP 
992 |a RBX 
999 |c 2136821  |d 2138751